| 000 | 00583nam a22002057i 4500 | ||
|---|---|---|---|
| 001 | 479 | ||
| 003 | OSt | ||
| 005 | 20170126082243.0 | ||
| 007 | tu | ||
| 008 | 161220s1988 xxu||||| |||| 00| 0 d | ||
| 024 | 7 |
_a478 _2RID |
|
| 040 | _cOSt | ||
| 084 |
_a3.21 _2z |
||
| 100 | 1 | _aG'l'bov, Nikolaj | |
| 242 | 0 | 0 | _aSteuern als Element des Mechanismus für die Lenkung der sozi |
| 245 | 0 | 0 | _aDan'cite kato element ot mechanizma za upravlenije na socialisticeskata ikonomika |
| 260 |
_aSofija : _bIzd. na B'lgarskat Akademija na Naukite, _c1988. |
||
| 300 |
_a264 S. ; _c21cm. |
||
| 651 | _aBulgaria | ||
| 942 | _cB | ||
| 999 |
_c472 _d472 |
||